000 00506nam a22001817a 4500
999 _c523439
_d523439
003 NUST
020 _a9789692316958
038 _awaseem
082 _a954
_bAHM
100 _aAhmed, Junaid
_913779
245 _aBharat Jaha Koi Na Sar Otha Kay Chalain /
_cJunaid Ahmed
260 _aKarachi :
_bA.J.A,
_c2018.
300 _a576 p. ;
500 _aHardcover.
880 _6100-02\r
_aجنیداحمد
880 _6245-02\r
_aبھارت جہاں کوھی نہ سراٹھا کے چلے
942 _2ddc
_cBK